Voucher specimens and quality control in avian molecular studies (Registro nro. 9995)

Detalles MARC
000 -CABECERA
Campo de control 005270000a22001810004500
090 ## - CLASIFICACIÓN LOCAL
Colección AR
Consecutivo 00907
041 0# - IDIOMA
Código de idioma para texto/pista de sonido o título separado
100 1# - ASIENTO PRINCIPAL--NOMBRE PERSONAL
Nombre personal Winker, Kevin
245 10 - MENCION DE TITULO
Título Voucher specimens and quality control in avian molecular studies
650 14 - ASIENTO SECUNDARIO DE MATERIA - TERMINO TEMATICO
Término temático o nombre geográfico como elemento de entrada Aves
650 14 - ASIENTO SECUNDARIO DE MATERIA - TERMINO TEMATICO
Término temático o nombre geográfico como elemento de entrada Colecciones biológicas
650 14 - ASIENTO SECUNDARIO DE MATERIA - TERMINO TEMATICO
Término temático o nombre geográfico como elemento de entrada Sistemática
650 14 - ASIENTO SECUNDARIO DE MATERIA - TERMINO TEMATICO
Término temático o nombre geográfico como elemento de entrada Biología molecular
700 1# - ASIENTO SECUNDARIO - NOMBRE PERSONAL
Nombre personal Graves, Gary R.
700 1# - ASIENTO SECUNDARIO - NOMBRE PERSONAL
Nombre personal Braun, Michael J.
773 1# - Item fuente:
Título IBIS
Especificación de materiales 327
Descripción física 2
Paginas del Articulo 344-346
Lugar, editorial y fecha de publicación 1996
Información sobre la relación 138
942 ## - ELEMENTOS ADICIONALES (KOHA)
Tipo de ítem Artículo
Existencias
Withdrawn status Lost status Damaged status No para préstamo Colección Ubicación Permanente Ubicación actual Fecha de adquisición Fuente de Valor Datos de publicación Seriada Total Checkouts Número topográfico Inventario / Código de Barras Date last seen Ejemplar Price effective from Forma de adquisición Tipo de material
      No para Préstamo Hemeroteca Bogotá Bogotá 27/02/2015 Muñoz Saba, Yaneth Fuera de circulación   AR 00907 011200 25/03/2015 1 25/03/2015   Artículo